<?xml version="1.0" encoding="UTF-8"?>
<record
    xmlns:xsi="http://www.w3.org/2001/XMLSchema-instance"
    xsi:schemaLocation="http://www.loc.gov/MARC21/slim http://www.loc.gov/standards/marcxml/schema/MARC21slim.xsd"
    xmlns="http://www.loc.gov/MARC21/slim">

  <leader>02125nam a2200289 u 4500</leader>
  <controlfield tag="001">1392608</controlfield>
  <controlfield tag="005">20260508085652.0</controlfield>
  <controlfield tag="008">141119e20131119                    spa  </controlfield>
  <datafield tag="020" ind1=" " ind2=" ">
    <subfield code="a">9786071126115</subfield>
  </datafield>
  <datafield tag="035" ind1=" " ind2=" ">
    <subfield code="a">1392608</subfield>
  </datafield>
  <datafield tag="040" ind1=" " ind2=" ">
    <subfield code="c">comduadb</subfield>
  </datafield>
  <datafield tag="041" ind1=" " ind2=" ">
    <subfield code="a">spa</subfield>
  </datafield>
  <datafield tag="082" ind1=" " ind2="4">
    <subfield code="a">741</subfield>
  </datafield>
  <datafield tag="100" ind1="1" ind2="0">
    <subfield code="a">Roman, Kelly</subfield>
    <subfield code="4">aut</subfield>
    <subfield code="e">aut</subfield>
    <subfield code="9">718320</subfield>
  </datafield>
  <datafield tag="245" ind1="1" ind2="3">
    <subfield code="a">El arte de la guerra : novela gr&#xE1;fica</subfield>
  </datafield>
  <datafield tag="246" ind1="1" ind2=" ">
    <subfield code="a">The art of war. A graphic novel.</subfield>
  </datafield>
  <datafield tag="260" ind1=" " ind2=" ">
    <subfield code="a">M&#xE9;xico :</subfield>
    <subfield code="b">Editorial Aguilar,</subfield>
    <subfield code="c">2013.</subfield>
  </datafield>
  <datafield tag="300" ind1=" " ind2=" ">
    <subfield code="a">346 p&#xE1;ginas :</subfield>
    <subfield code="b">ilustraciones</subfield>
  </datafield>
  <datafield tag="500" ind1=" " ind2=" ">
    <subfield code="a">GENERAL : Basada en la obra de Sun Tzu en versi&#xF3;n (traducci&#xF3;n) de Lionel Giles.</subfield>
  </datafield>
  <datafield tag="520" ind1="3" ind2=" ">
    <subfield code="a">Una novela gr&#xE1;fica imponente y atrevida que utiliza los principios claves de la obra cl&#xE1;sica de Sun Tzu para armar un thriller futurista y revolucionario en el que Wall Street est&#xE1; militarizado y China es la primera potencia econ&#xF3;mica del mundo.
Kelly Roman estuvo en prisi&#xF3;n por un terror&#xED;fico incidente de fuego amigo. Una vez libre descubre que su hermano ha uerto mientras trabajaba para Sun Tzu, una estratega despiadado que dirige el imperio financiero global de China.
Desde el apocal&#xED;ptico tercer mundo de los suburbios de Ohio, Kelly se adentra en Manhattan &#x2014;una Gomorra futurista&#x2014; para infiltrarse en la organizaci&#xF3;n de Sun Tzu y averiguar qui&#xE9;n asesin&#xF3; a su hermano y cu&#xE1;l fue el motivo.
Con la ayuda de sus habilidades y de las mejoras gen&#xE9;ticas que le fueron implantadas durante su paso por las fuerzas especiales, se enfrenta tanto a Sun Tzu como a su n&#xE9;mesis, un monstruo biot&#xE9;cnol&#xF3;gico conocido como El Pr&#xED;ncipe.
A lo largo de esta desgarradora aventura, Kelly documenta la sabidur&#xED;a milenaria de Sun Tzu, que lo llevar&#xE1; a las m&#xE1;s cruentas batallas y a las huidas m&#xE1;s extremas en su cruzada de venganza y redenci&#xF3;n.</subfield>
  </datafield>
  <datafield tag="650" ind1=" " ind2="7">
    <subfield code="a">T&#xE1;ctica militar</subfield>
    <subfield code="2">lemb</subfield>
    <subfield code="9">10386</subfield>
  </datafield>
  <datafield tag="650" ind1=" " ind2="7">
    <subfield code="a">Tiras c&#xF3;micas, historietas, etc.</subfield>
    <subfield code="2">lemb</subfield>
    <subfield code="9">60870</subfield>
  </datafield>
  <datafield tag="650" ind1=" " ind2=" ">
    <subfield code="a">Novela gr&#xE1;fica estadounidense</subfield>
    <subfield code="9">198008</subfield>
  </datafield>
  <datafield tag="700" ind1="1" ind2="0">
    <subfield code="a">DeWeese, Michael</subfield>
    <subfield code="4">ill</subfield>
    <subfield code="e">ill</subfield>
    <subfield code="9">689300</subfield>
  </datafield>
  <datafield tag="700" ind1="1" ind2="0">
    <subfield code="a">Gim&#xE9;nez Imirizaldu, Dar&#xED;o,</subfield>
    <subfield code="d">1969-</subfield>
    <subfield code="4">trl</subfield>
    <subfield code="0">(viaf)91184063</subfield>
    <subfield code="e">trl</subfield>
    <subfield code="9">407405</subfield>
  </datafield>
  <datafield tag="942" ind1=" " ind2=" ">
    <subfield code="c">BOOK</subfield>
  </datafield>
  <datafield tag="999" ind1=" " ind2=" ">
    <subfield code="c">698922</subfield>
    <subfield code="d">698922</subfield>
  </datafield>
  <datafield tag="952" ind1=" " ind2=" ">
    <subfield code="0">0</subfield>
    <subfield code="1">0</subfield>
    <subfield code="2">ddc</subfield>
    <subfield code="4">0</subfield>
    <subfield code="7">0</subfield>
    <subfield code="8">CAJASV</subfield>
    <subfield code="a">BC</subfield>
    <subfield code="b">BSP</subfield>
    <subfield code="d">2014-11-25</subfield>
    <subfield code="e">Comprado con Bono</subfield>
    <subfield code="g">45000.00</subfield>
    <subfield code="i">C1218061</subfield>
    <subfield code="l">11</subfield>
    <subfield code="o">741.5973 R758</subfield>
    <subfield code="p">01004146</subfield>
    <subfield code="r">2026-02-19 10:18:00</subfield>
    <subfield code="s">2026-02-18</subfield>
    <subfield code="t">1</subfield>
    <subfield code="w">2023-05-03</subfield>
    <subfield code="y">BOOK</subfield>
  </datafield>
  <datafield tag="952" ind1=" " ind2=" ">
    <subfield code="0">0</subfield>
    <subfield code="1">0</subfield>
    <subfield code="2">ddc</subfield>
    <subfield code="4">0</subfield>
    <subfield code="7">0</subfield>
    <subfield code="8">COLIT</subfield>
    <subfield code="a">BC</subfield>
    <subfield code="b">BC</subfield>
    <subfield code="d">2024-07-08</subfield>
    <subfield code="l">0</subfield>
    <subfield code="r">2024-07-08 00:00:00</subfield>
    <subfield code="w">2024-07-08</subfield>
    <subfield code="y">BOOK</subfield>
  </datafield>
</record>
